000 00773cam a22002534a 4500
001 13485734
005 20180228074550.0
008 040209s2004 paua f 001 0 eng
010 _a 2004043215
020 _a0803611617
035 _a(DNLM)101206278
040 _aDNLM/DLC
_cDLC
_dDLC
041 _aeng
042 _apcc
060 1 0 _aWY 49
_bH745n 2004
080 _a 610.73 wal
082 0 0 _a610.73 wal
_222
100 1 _a3
101 _ashm
245 1 0 _aNurse's fast facts :
_cBrenda Walters Holloway.
906 _a7
_bcbc
_corignew
_d1
_eocip
_f20
_gy-gencatlg
942 _2ddc
_cBK
999 _c43712
_d43712